000 00259nam a22001217a 4500
003 SGT
082 _bPAT
100 _aPATHAK, MANISHA
245 _aJOURNAL OF CREATIVE COMMUNICATIONS
260 _aINDIA
_bSAGE PUB.
_c2022
300 _a372
942 _2ddc
_cBV
999 _c29888
_d29888